Лекции по математической обработке результатов химического эксперимента

গ্রন্থ-পঞ্জীর বিবরন
প্রধান লেখক: Вершинин В. И. Вячеслав Исаакович
ভাষা:রুশ
প্রকাশিত: Омск, 1988
বিষয়গুলি:
বিন্যাস: গ্রন্থ
KOHA link:https://koha.lib.tpu.ru/cgi-bin/koha/opac-detail.pl?biblionumber=246468

MARC

LEADER 00000nam0a2200000 4500
001 246468
005 20231101232216.0
035 |a (RuTPU)RU\TPU\book\267919 
090 |a 246468 
100 |a 20131204d1988 m y0rusy50 ca 
101 0 |a rus 
102 |a RU 
105 |a a z 001zy 
200 1 |a Лекции по математической обработке результатов химического эксперимента  |f В. И. Вершинин 
210 |a Омск  |d 1988 
215 |a 62 с.  |c ил. 
320 |a Библиогр.: с. 61. 
606 1 |a Химический эксперимент  |x Обработка результатов  |2 stltpush  |3 (RuTPU)RU\TPU\subj\72800  |9 86194 
610 1 |a лекции 
610 1 |a математическая обработка 
610 1 |a случайные величины 
610 1 |a нормальное распределение 
610 1 |a гипотезы 
610 1 |a корреляционный анализ 
610 1 |a регрессионный анализ 
610 1 |a обработка 
610 1 |a результаты 
675 |a 542(075.8)  |v 3 
700 1 |a Вершинин  |b В. И.  |g Вячеслав Исаакович 
801 1 |a RU  |b 63413507  |c 20131204 
801 2 |a RU  |b 63413507  |c 20180824  |g RCR 
942 |c BK